Les Simpson - S02E11 : Un poisson nommé Fugu - Statistiques

Statistiques générales
  • Ce quiz a été pris 37 fois
  • Le résultat moyen est 6 sur 10
Statistiques - réponses
Question Réponse % Correct
Combien de temps reste-t-il à vivre à Homer après l'ingestion du poison ? 24 heures
75%
Homer passe dans chaque chambre pour dire adieu à sa famille, quelle réplique est fausse ? adieu Marge mon amour, tu auras été la seule femme que j'ai aimée
75%
Pourquoi Homer se rend-il chez Flanders ? pour lui emprunter son caméscope
75%
Homer donne trois phrases utiles à Bart à se servir dans la vie, laquelle ne dit-il pas ? c'est toi la plus belle
63%
Quel est le nom du restaurant japonais dans lequel la famille va manger le lendemain soir ? Happy Sumo
63%
Lorsqu'Homer appelle Barney pour se sortir de prison et payer sa caution, qu'est-ce que Barney était en train de faire ? il se coupait les ongles de pieds
63%
Quelle est la première chose qu'Homer voulait faire pour son dernier jour sur Terre ? regarder le soleil se lever avec sa femme
63%
Que mange la famille pour le dîner ? du pain de viande
50%
Lorsque le chef japonais s'absente car il a un rendez-vous avec une femme dans sa voiture, qui est cette femme ? Edna Krapabelle
50%
Homer doit renoncer à trois activités pour passer plus de temps avec son père. À quoi ne renonce-t-il pas sur le moment ? insulter son patron
38%
Aucun quiz correspondant
Distribution des résultats
% des personnes avec chaque résultat
Percentile par nombre de réponses
Votre historique - résultats
Vous n’avez pas pris ce quiz